[Event "Frankfurt-ch"]
[Site "Frankfurt"]
[Date "2008.06.16"]
[Round "7"]
[White "Krueger, Jens"]
[Black "Honert, Stefan"]
[Result "1/2-1/2"]
[WhiteElo "1451"]
[BlackElo "1289"]
[PlyCount "30"]
[EventDate "2008.04.28"]
[EventType "swiss"]
[EventRounds "7"]
[EventCountry "GER"]
[SourceTitle "EXT 2009"]
[Source "ChessBase"]
[SourceDate "2008.11.26"]
[SourceVersion "1"]
[SourceVersionDate "2008.11.26"]
[SourceQuality "1"]

1. e4 e6 2. d4 d5 3. e5 b6 4. c3 Qd7 5. Nf3 Ba6 6. Bxa6 Nxa6 7. 0-0 c5 8. a3 Ne7 9. Qe2 Nc7 10. Nbd2 Nc6 11. Nb3 Be7 12. Ng5 c4 13. Qf3 Bxg5 14. Bxg5 cxb3 15. Qg4 h6 1/2-1/2

[Event "Frankfurt-ch"]
[Site "Frankfurt"]
[Date "2008.05.26"]
[Round "4"]
[White "Ploetz, Hans Juergen"]
[Black "Krueger, Jens"]
[Result "0-1"]
[WhiteElo "1413"]
[BlackElo "1451"]
[PlyCount "50"]
[EventDate "2008.04.28"]
[EventType "swiss"]
[EventRounds "7"]
[EventCountry "GER"]
[SourceTitle "EXT 2009"]
[Source "ChessBase"]
[SourceDate "2008.11.26"]
[SourceVersion "1"]
[SourceVersionDate "2008.11.26"]
[SourceQuality "1"]

1. d4 Nf6 2. Nf3 g6 3. Bf4 d6 4. e3 Bg7 5. c4 0-0 6. Nc3 c5 7. Rc1 cxd4 8. exd4 b6 9. Be2 Bb7 10. 0-0 Nbd7 11. d5 Nc5 12. b4 Ncd7 13. Nd4 Qc8 14. Qd2 Ne5 15. Na4 Neg4 16. h3 Ne4 17. Qd3 Ngxf2 18. Rxf2 Nxf2 19. Kxf2 e5 20. dxe6 fxe6 21. Bg4 Rxf4+ 22. Ke3 Bxd4+ 23. Kxf4 Qf8+ 24. Kg5 Qf6+ 25. Kh6 Qh4+ 0-1

[Event "Frankfurt-ch"]
[Site "Frankfurt"]
[Date "2007.05.14"]
[Round "3"]
[White "Krueger, Jens"]
[Black "Plattner, Rolf"]
[Result "0-1"]
[WhiteElo "1390"]
[BlackElo "1916"]
[PlyCount "106"]
[EventDate "2007.04.30"]
[EventType "swiss"]
[EventRounds "7"]
[EventCountry "GER"]
[SourceTitle "EXT 2008"]
[Source "ChessBase"]
[SourceDate "2007.11.25"]
[SourceVersion "1"]
[SourceVersionDate "2007.11.25"]
[SourceQuality "1"]

1. e4 e6 2. d4 d5 3. e5 c5 4. c3 Bd7 5. Nf3 Nc6 6. Be2 cxd4 7. cxd4 Nge7 8. Bg5 Qb6 9. Nc3 Nf5 10. Bb5 Nxe5 11. dxe5 Bxb5 12. Qb3 Bd7 13. Qxb6 axb6 14. 0-0 Bc5 15. Rfd1 0-0 16. a3 b5 17. b4 Bb6 18. Ne2 Rfc8 19. Nfd4 Nxd4 20. Nxd4 Rc3 21. Bc1 Rac8 22. Bb2 Bxd4 23. Rxd4 Rc2 24. Rb1 Rxb2 25. Rdd1 Rxb1 26. Rxb1 Rc3 27. Ra1 d4 28. Kf1 d3 29. f3 Rc2 30. Rd1 Rc3 31. Kf2 Bc6 32. Ke3 Rxa3 33. Rxd3 Rxd3+ 34. Kxd3 g5 35. Ke3 g4 36. fxg4 Bxg2 37. h4 Kg7 38. g5 Kg6 39. Kf4 Bh3 40. Kg3 Bf5 41. Kf4 Kh5 42. Kg3 h6 43. gxh6 Kxh6 44. Kf4 Kg6 45. Kf3 Kh5 46. Kg3 Bg4 47. Kf4 Kxh4 48. Ke4 Bf5+ 49. Kf3 Kg5 50. Ke3 Bb1 51. Kd4 b6 52. Ke3 Kf5 53. Kd4 Kf4 0-1

[Event "Frankfurt-ch"]
[Site "Frankfurt"]
[Date "2007.04.30"]
[Round "1"]
[White "Krueger, Jens"]
[Black "Hausmann, Hans Ulrich"]
[Result "0-1"]
[WhiteElo "1390"]
[BlackElo "1966"]
[PlyCount "52"]
[EventDate "2007.04.30"]
[EventType "swiss"]
[EventRounds "7"]
[EventCountry "GER"]
[SourceTitle "EXT 2008"]
[Source "ChessBase"]
[SourceDate "2007.11.25"]
[SourceVersion "1"]
[SourceVersionDate "2007.11.25"]
[SourceQuality "1"]

1. e4 c5 2. Nf3 g6 3. c3 Bg7 4. d4 cxd4 5. cxd4 d6 6. Nc3 Nc6 7. Bc4 Nf6 8. 0-0 0-0 9. h3 Nxe4 10. Bxf7+ Rxf7 11. Nxe4 d5 12. Nc3 e5 13. dxe5 d4 14. Nb5 Nxe5 15. Nbxd4 Nxf3+ 16. Nxf3 Qxd1 17. Rxd1 Bxh3 18. Ng5 Bg4 19. f3 Rd7 20. Re1 Bf5 21. Ne6 Re8 22. Nxg7 Rxe1+ 23. Kf2 Rdd1 24. Nxf5 gxf5 25. Bd2 Rf1+ 26. Ke2 Rxa1 0-1

[Event "Hessen-ch qual-E"]
[Site "Erlensee"]
[Date "2007.04.06"]
[Round "1"]
[White "Seidel, Karl"]
[Black "Krueger, Jens"]
[Result "1-0"]
[WhiteElo "1460"]
[BlackElo "1332"]
[PlyCount "77"]
[EventDate "2007.04.06"]
[EventType "swiss"]
[EventRounds "5"]
[EventCountry "GER"]
[SourceTitle "CBM 117 Extra"]
[Source "ChessBase"]
[SourceDate "2007.05.09"]
[SourceVersion "1"]
[SourceVersionDate "2007.05.09"]
[SourceQuality "1"]

1. e4 d6 2. Nc3 Nf6 3. Bc4 g6 4. d3 Bg7 5. h3 0-0 6. Nf3 c5 7. 0-0 a6 8. a3 b5 9. Ba2 b4 10. axb4 cxb4 11. Nd5 a5 12. Bb3 Bb7 13. Ne3 Nfd7 14. Qe1 Nc5 15. Bc4 Nc6 16. Rb1 Ba6 17. b3 a4 18. Bd5 Qb6 19. Bxc6 Qxc6 20. Qxb4 Rab8 21. Qa3 axb3 22. cxb3 Bxd3 23. Nd5 Rfe8 24. Bg5 f6 25. Nb4 Ra8 26. Nxc6 Rxa3 27. Bc1 Raa8 28. Be3 Bxb1 29. Rxb1 Kf7 30. Bxc5 dxc5 31. b4 Rec8 32. b5 f5 33. e5 h6 34. Nd2 Ra4 35. Kf1 Ke6 36. Nb3 Rc4 37. Nba5 Rc3 38. b6 Rxc6 39. Nxc6 1-0

[Event "Rhein Main op 09th"]
[Site "Bad Homburg"]
[Date "2006.06.17"]
[Round "5.46"]
[White "Witt, Holger"]
[Black "Krueger, Jens"]
[Result "1-0"]
[WhiteElo "1438"]
[BlackElo "1413"]
[PlyCount "47"]
[EventDate "2006.06.14"]
[EventType "swiss"]
[EventRounds "7"]
[EventCountry "GER"]
[SourceTitle "EXT 2007"]
[Source "ChessBase"]
[SourceDate "2006.11.23"]
[SourceVersion "1"]
[SourceVersionDate "2006.11.23"]
[SourceQuality "1"]

1. d4 Nf6 2. Nf3 g6 3. e3 Bg7 4. c4 0-0 5. Nc3 d6 6. Be2 c5 7. 0-0 cxd4 8. exd4 Nc6 9. Bg5 h6 10. Bf4 e6 11. Re1 Qe7 12. Rc1 Ne8 13. Qd2 Kh7 14. Bd3 Nxd4 15. Nxd4 Bxd4 16. Bxg6+ fxg6 17. Qxd4 e5 18. Qd2 Qh4 19. Bg3 Qxc4 20. Ne4 Qxa2 21. Nxd6 Nxd6 22. Qxd6 Qf7 23. Rc7 Qxc7 24. Qxc7+ 1-0

[Event "Hessen-chB"]
[Site "Marburg"]
[Date "2006.04.15"]
[Round "7.32"]
[White "Krueger, Jens"]
[Black "Zimmermann, Heinz"]
[Result "1-0"]
[WhiteElo "1214"]
[BlackElo "1429"]
[PlyCount "75"]
[EventDate "2006.04.13"]
[EventType "swiss"]
[EventRounds "7"]
[EventCountry "GER"]
[SourceTitle "EXT 2007"]
[Source "ChessBase"]
[SourceDate "2006.11.23"]
[SourceVersion "1"]
[SourceVersionDate "2006.11.23"]
[SourceQuality "1"]

1. e4 c5 2. Nf3 Nc6 3. d4 cxd4 4. Nxd4 e5 5. Nxc6 bxc6 6. Bc4 a5 7. a3 Bb7 8. Nc3 Qc7 9. 0-0 Ba6 10. Bxa6 Rxa6 11. Be3 Ra8 12. Na4 Rb8 13. Rb1 Nf6 14. f4 Nxe4 15. fxe5 d5 16. Qf3 g6 17. Rbc1 Qb7 18. c4 Bg7 19. cxd5 cxd5 20. Nc5 Nxc5 21. Rxc5 0-0 22. Rxd5 Qxb2 23. Rxa5 Qb3 24. a4 Qe6 25. Bc5 Rfd8 26. Bd6 Rb3 27. Ra8 Rxf3 28. Rxd8+ Bf8 29. Rxf8+ Kg7 30. Rxf3 f5 31. Rc3 Qd5 32. Rc1 Qd4+ 33. Kh1 Qxa4 34. Rfc8 Qf4 35. R8c7+ Kh6 36. Bf8+ Kg5 37. e6 h5 38. e7 1-0

[Event "Hessen-chB"]
[Site "Marburg"]
[Date "2006.04.13"]
[Round "4.29"]
[White "Krueger, Jens"]
[Black "Ottinger, Ruediger"]
[Result "0-1"]
[WhiteElo "1214"]
[BlackElo "1733"]
[PlyCount "78"]
[EventDate "2006.04.13"]
[EventType "swiss"]
[EventRounds "7"]
[EventCountry "GER"]
[SourceTitle "EXT 2007"]
[Source "ChessBase"]
[SourceDate "2006.11.23"]
[SourceVersion "1"]
[SourceVersionDate "2006.11.23"]
[SourceQuality "1"]

1. e4 e5 2. Nf3 Nc6 3. Bc4 Nf6 4. Nc3 Bb4 5. 0-0 0-0 6. d3 Bxc3 7. bxc3 d6 8. Re1 Bg4 9. d4 Bxf3 10. gxf3 Nh5 11. Kh1 Ne7 12. Rg1 Kh8 13. Be3 Ng6 14. Qe2 Ngf4 15. Qf1 Qf6 16. Rg4 c6 17. Re1 b5 18. Rd1 bxc4 19. dxe5 dxe5 20. Qg1 Rad8 21. Bc5 Rfe8 22. Rxd8 Rxd8 23. Rg5 Nh3 24. Qg4 Qxg5 25. Qxg5 Nxg5 26. Be7 Rd1+ 27. Kg2 f6 28. h4 Nf4+ 29. Kh2 Nxf3+ 30. Kg3 Nd2 31. Kh2 Nxe4 32. f3 Rd2+ 33. Kg1 Rg2+ 34. Kf1 Nd2+ 35. Ke1 Nxf3+ 36. Kf1 Nd2+ 37. Ke1 Re2+ 38. Kd1 Nf3 39. Bc5 Re1# 0-1